00421nam a2200157Ia 450000500170000000800410001704100120005808200110007010000230008124500610010425000080016526000260017350000080019965000290020770000270023620240823061702.0240823s9999||||xx |||||||||||||| ||und|| aENGLISH A425 Q7 aBobby Rajakanthi J 0aFocus : A Work Book for Grammar and Communication Skills a1st c2017bHarrows Publica aYES aEnglish GrammarbEnglish a Nirmala Selvakumari L